| 000 | 00739nam a2200229I 4500 | ||
|---|---|---|---|
| 999 |
_c1132 _d1132 |
||
| 001 | 523098 | ||
| 003 | OSt | ||
| 005 | 20180904163428.0 | ||
| 008 | 721222|1972||||||| |||||||eng|c | ||
| 010 | _a67017239 | ||
| 040 |
_aUniv of Cincinnati Lib _cCIN _dCIN |
||
| 082 |
_a658 _bE588M |
||
| 100 | 1 | 0 |
_aEngstrom, Ted W. _q(Ted Wilhelm), _d1916- |
| 245 | 1 | 0 |
_aManaging your time; _bpractical guidelines on the effective use of time, _c[by] Ted W. Engstrom and R. Alex Mackenzie. Foreword by Herbert J. Taylor |
| 260 | 0 |
_aGrand Rapids, _b[Zondervan, _c1972, c1967] |
|
| 300 |
_a207 p. _c18cm |
||
| 500 | _a"Zondervan books." | ||
| 504 | _aIncludes bibliographies | ||
| 650 | 0 | _aManagement | |
| 700 | 1 | 0 | _aMackenzie, R. Alec |
| 942 |
_2ddc _cBK |
||